000
00315pab a2200145 454500
008
180718b1987 xxu||||| |||| 00| 0 eng d
100
_a
Amrik Singh
245
_a
The crisis of Hinduism - II
260
_c
1987
300
_a
28-30
362
_a
9 May
650
_a
Hinduism
773
_a
Mainstream
909
_a
9726
999
_c
9726
_d
9726